000 00504nam a22001697a 4500
003 OSt
005 20251117173217.0
008 251117b |||||||| |||| 00| 0 eng d
040 _aDWCL-Main lib.
_cOC
082 _aGR. 170 C738m 2000
100 _aComposta, Dario
245 _a Moral philosophy and social ethics/
_cDario Composta
260 _aBangalore, India :
_bTheological Publications in India
_c , c2000.
300 _ax, 222 p.
_c; 21 cm.
650 _aEthics.
942 _2ddc
_cGR
_hGR.
_n0
999 _c5746
_d5746